[Event "Rheinhessen-ch HT2"]
[Site "Mainz"]
[Date "2009.04.04"]
[Round "2"]
[White "Efinger, Cornel"]
[Black "Nau, Patrick"]
[Result "1/2-1/2"]
[WhiteElo "1041"]
[BlackElo "1530"]
[PlyCount "32"]
[EventDate "2009.04.04"]
[EventType "swiss"]
[EventRounds "7"]
[EventCountry "GER"]
[SourceTitle "EXT 2011"]
[Source "ChessBase"]
[SourceDate "2010.11.26"]
[SourceVersion "1"]
[SourceVersionDate "2010.11.26"]
[SourceQuality "1"]

1. e4 e6 2. d4 d5 3. exd5 exd5 4. Nf3 Nf6 5. Nc3 Nc6 6. Bb5 a6 7. Ba4 Bd7 8. 0-0 Bd6 9. Bg5 Nb4 10. Bxd7+ Qxd7 11. a3 Nc6 12. Qe2+ Kf8 13. Rfe1 h6 14. Bxf6 gxf6 15. Rad1 Rd8 16. Kf1 Ne7 1/2-1/2